La gran sociedad: anatomía de la nueva política
Guardat en:
| Autor principal: | |
|---|---|
| Format: | Llibre |
| Idioma: | espanyol |
| Publicat: |
Santiago
Instituto de Estudios de la Sociedad
2014
|
| Edició: | 1a. ed |
| Col·lecció: | Colección IES
|
| Matèries: | |
| Etiquetes: |
Afegir etiqueta
Sense etiquetes, Sigues el primer a etiquetar aquest registre!
|
MARC
| LEADER | 00000cam a2200000 a 4500 | ||
|---|---|---|---|
| 001 | UCD6148 | ||
| 003 | CL-VaPUC | ||
| 008 | 161118e20140500cl |||||||||||||||||spa|d | ||
| 020 | |a 9789568639228 | ||
| 082 | 0 | 4 | |a 320.520942 |b NOR |2 21 |
| 100 | |a Norman, Jesse |e autor |9 589842 | ||
| 245 | 1 | 3 | |a La gran sociedad: anatomía de la nueva política |
| 250 | |a 1a. ed | ||
| 300 | |a 280 p | ||
| 942 | |c BK | ||
| 945 | |d 20161118 09:36:00 |a arojas | ||
| 260 | |a Santiago |b Instituto de Estudios de la Sociedad |c 2014 | ||
| 650 | 0 | |a Consevadurismo |9 377220 | |
| 650 | 0 | |a Ciencias Políticas |9 255201 | |
| 651 | 0 | |a Inglaterra |9 255158 | |
| 651 | 0 | |a Gran Bretaña |9 256767 | |
| 583 | |a last modification |c 20161118 09:36:00 |k Rodrigo Vera | ||
| 490 | 0 | |a Colección IES | |
| 999 | |c 366523 |d 366521 | ||
| 952 | |0 0 |1 0 |3 erb |4 0 |6 320_520942000000000_NOR_2014 |7 0 |8 A |9 480806 |a BIBEDU |b BIBEDU |i 5348110 |o 320.520942 NOR 2014 |p 5348110 |r 2019-11-24 |w 2019-11-24 |y BK |z Catalogado en:20161118 |k FIL | ||